00962 2200385 4500001002100000005001700021008004100038020001800079035002400097082001000121090001700131100002000148245004900168250001100217260003200228300002300260500002700283650002100310850001500331980001100346985000600357999001500363990001500378990001700393990001700410990001700427990001700444990001500461990001700476990001700493990001700510990001500527990001700542990001700559YOGYA-0209000000656220090227020919.0 ind  a979-518-545-4 0010-020900000006562 a324.2 a324.2bPur P aPURWANTANA, P.K aPartai Politik Di IndonesiacP.K Poerwantana aCet. 1 aJakartabRineka Ciptac1994 avii, 93 hlmc21 cm aBibliografi hlm: 92-93 aPartai - Politik aYOPDYOG(B) a210705 a1 a97P0049088 a94088-P/97 a2093-PN/P.01 a2094-PN/P.01 a2095-PN/P.01 a2095-PN/P.01 a94088-P/97 a2093-PN/P.01 a2094-PN/P.01 a2094-PN/P.01 a94088-P/97 a2093-PN/P.01 a2095-PN/P.01